| 000 | 00486nam a2200169 a 4500 | ||
|---|---|---|---|
| 001 | 5084 | ||
| 003 | CDMR | ||
| 005 | 20130404184201.0 | ||
| 008 | 130130s1994||||||||||||||||||||||||||||d | ||
| 040 |
_aCDMR _bcat _cCDMR |
||
| 245 | 3 | _aLa regulación de la profesión a debate | |
| 260 |
_aValladolid _c1994 _bAsociación de la Prensa de Valladolid |
||
| 300 |
_a26 p ; _c28 cm |
||
| 490 | 0 |
_aLos monográficos _v1 |
|
| 650 | 0 | 4 |
_92767 _aPeriodistes _xSituació legal, lleis, etc |
| 942 |
_cMON _2udc |
||
| 999 |
_c5084 _d5084 |
||